| 000 | 00564nam a2200205 u 4500 | ||
|---|---|---|---|
| 005 | 20240228064227.0 | ||
| 008 | 160118s2010 r 000 0 eng d | ||
| 020 | _a9789501106336 | ||
| 035 | _aUPN01000207522 | ||
| 049 | _aI | ||
| 050 | 4 |
_aPZ76.3 _bP4.8 |
|
| 245 | 0 | 3 |
_aEl perrito perdido / _cadap. Vanessa Albert. |
| 260 |
_aBuenos Aires : _bSigmar, _c2010. |
||
| 300 |
_a12 p. : _bil. col. |
||
| 440 | 0 | _aTernura | |
| 650 | 0 |
_aAnimales _vCuentos y leyendas _9234 |
|
| 650 | 4 |
_aLibros y lectura para niƱos _92290 |
|
| 905 | _aInfantil | ||
| 999 |
_c179623 _d179623 |
||